| LEADER |
01510nam0a2200229 450 |
| 001 |
16868372 |
| 010 |
|
|
|a 978-2-38233-107-1
|b rel.
|d 16,9
|
| 100 |
|
|
|a 20260529d2023 u u0frey01 ba
|
| 101 |
0 |
|
|a fre
|
| 102 |
|
|
|a FR
|
| 200 |
0 |
|
|a Grimoire d'Elfie (Le)
|
| 207 |
|
1 |
|a
|
| 210 |
|
|
|a Charnay-lès-Mâcon (Saône-et-Loire)
|c Drakoo
|d 2023
|
| 215 |
|
|
|a 1 vol. (80 p.)
|d 30 cm
|
| 225 |
1 |
|
|a DRAK.FANTASY
|
| 330 |
|
|
|a Une aventure émouvante et pleine de surprises, où l'amour de la nature façonne un lien fort entre les générations. C'est dans les Pyrénées qu'arrive le bus-librairie d'Elfie et ses deux soeurs. Là, vit leur Grand-Pé, un berger montagnard. Mais les filles le trouvent changé : il semble ne pas avoir fait son deuil de la mort de leur mère, et elles se demandent s'il a encore toute sa tête. Sur place, Elfie découvre que sa grand-mère était une sorcière du tricot, et surtout qu'elle a tricoté dans des couvertures des indications que seule Elfie peut voir. Une carte qui pourrait la conduire à un fabuleux trésor. Elfie va déployer sa magie pour le retrouver... Une aventure émouvante et pleine de surprises, où l'amour de la nature forme un lien fort entre les générations.
|
| 700 |
|
0 |
|a Arleston
|b Christophe
|f 1963-....
|4 570
|
| 701 |
|
0 |
|a Alwett
|b Audrey
|f 1982-....
|4 570
|
| 701 |
|
0 |
|a Mini Ludvin
|4 570
|
| 900 |
|
|
|a Bande Dessinée (enfants)
|
| 901 |
|
|
|a Jeunesse
|
| 995 |
|
|
|a Médiathèque
|c Médiathèque
|f 089021932
|h 089021932
|k BD GRI
|o p
|q j
|r az
|e Médiathèque
|